Cricket: Most Wickets in Each IPL Season - Statistics

General Stats
  • This quiz has been taken 152 times
    34 since last reset
  • The average score is 12 of 18
Answer Stats
Year Country Team Wickets Average Econ. Answer % Correct
2017 IND Sunrisers Hyderabad 26 14.19 7.05 Bhuvneshwar Kumar
88%
2016 IND Sunrisers Hyderabad 23 21.30 7.42 Bhuvneshwar Kumar
88%
2024 IND Punjab Kings 24 19.87 9.73 Harshal Patel
81%
2021 IND Royal Challengers Bangalore 32 14.34 8.14 Harshal Patel
81%
2011 SL Mumbai Indians 28 13.39 5.95 Lasith Malinga
81%
2015 WI Chennai Super Kings 26 16.38 8.14 Dwayne Bravo
78%
2013 IND Chennai Super Kings 32 15.53 7.95 Dwayne Bravo
78%
2020 SA Delhi Capitals 30 18.26 8.34 Kagiso Rabada
75%
2022 IND Rajasthan Royals 27 19.51 7.75 Yuzvendra Chahal
66%
2014 IND Chennai Super Kings 23 19.65 8.39 Mohit Sharma
63%
2012 SA Delhi Daredevils 25 18.12 7.19 Morne Morkel
63%
2025 IND Gujarat Titans 25 19.52 8.27 Prasidh Krishna
63%
2019 SA Chennai Super Kings 26 16.57 6.69 Imran Tahir
59%
2023 IND Gujarat Titans 28 18.64 8.03 Mohammed Shami
59%
2009 IND Deccan Chargers 23 18.13 6.98 RP Singh
53%
2008 PAK Rajasthan Royals 22 12.09 6.46 Sohail Tanvir
44%
2018 AUS Kings XI Punjab 24 18.66 8.00 Andrew Tye
34%
2010 IND Deccan Chargers 21 20.42 7.29 Pragyan Ojha
25%
No matching quizzes found
Score Distribution
Percent of People with Each Score
Percentile by Number Answered
Your Score History
You have not taken this quiz since the last reset